000 00222 a2200097 4500
001 18630
100 _aSaeed, A
245 _aJaddojehed azadi aur maulana ashraf
260 _a
_bKhalid nadeem pub
_c
090 _c13857
_d13857
942 _aNUST-CAE
_cM
_c4288
999 _c253703
_d253703